Electronic supply of rental information (Record no. 71712)

MARC details
000 -LEADER
fixed length control field 01060cam a2200205 4500
001 - CONTROL NUMBER
control field WB3845-22
008 - FIXED-LENGTH DATA ELEMENTS--GENERAL INFORMATION
fixed length control field 021204n2002 000 0 eng u
035 ## - SYSTEM CONTROL NUMBER
System control number (Sirsi) u120676
245 ## - TITLE STATEMENT
Title Electronic supply of rental information
260 ## - PUBLICATION, DISTRIBUTION, ETC.
Date of publication, distribution, etc. 2002
490 ## - SERIES STATEMENT
Series statement Valuation Office Agency Press Release
Volume/sequential designation 2 December 2002, (1)
520 ## - SUMMARY, ETC.
Summary, etc. The Valuation Office Agency (VOA) is launching a new scheme for businesses and agents to simplify the provision of statutory rental information on their properties. The Multiple Electronic Rental Information (MERI) system will enable ratepayers and their representatives to supply rental information electronically and for multiple properties to be included in one file. Rental information for non-domestic properties is required for the 2005 rating revaluation. www.voa.gov.uk/rating/supply_of_rental_info.htm
590 ## - LOCAL NOTE (RLIN)
Local note WB
650 ## - SUBJECT ADDED ENTRY--TOPICAL TERM
Topical term or geographic name entry element VALUATION OFFICE AGENCY
650 ## - SUBJECT ADDED ENTRY--TOPICAL TERM
Topical term or geographic name entry element RENTS
650 ## - SUBJECT ADDED ENTRY--TOPICAL TERM
Topical term or geographic name entry element RATING REVALUATION
650 ## - SUBJECT ADDED ENTRY--TOPICAL TERM
Topical term or geographic name entry element ELECTRONIC INFORMATION
690 ## - LOCAL SUBJECT ADDED ENTRY--TOPICAL TERM (OCLC, RLIN)
Topical term or geographic name as entry element RATING AND LOCAL TAXATION
942 ## - ADDED ENTRY ELEMENTS (KOHA)
Suppress in OPAC 0
Holdings
Withdrawn status Lost status Source of classification or shelving scheme Damaged status Not for loan Home library Current library Shelving location Date acquired Total Checkouts Full call number Barcode Date last seen Copy number Price effective from Koha item type
    Dewey Decimal Classification     London London News article 04/12/2002   WB3845-22 120676-1001 06/08/2019 1 06/08/2019 News article